Famous Elves and Dwarves - Statistics

General Stats
  • This quiz has been taken 373 times
  • The average score is 8 of 16
Answer Stats
Hint Answer % Correct
Fellowship of the Ring member Legolas
85%
Fellowship of the Ring member Gimli
77%
Malfoy family house elf Dobby
76%
Dwarf planet as of 2006 Pluto
75%
Lord of Rivendell Elrond
70%
Dwarf company leader in "The Hobbit" Thorin Oakenshield
65%
Beardless dwarf from "Snow White" Dopey
60%
Rulers of Lothlorien Galadriel
59%
Will Ferrell's character in "Elf" Buddy
49%
Last lord of Moria Balin
43%
Rulers of Lothlorien Celeborn
38%
Game of Thrones dwarf Tyrion Lannister
36%
Jolly gift-giving elf Santa Claus
35%
Aspiring sorcerer portrayed by Warwick Davis Willow
23%
Rudolph's pal and wannabe dentist Hermey
9%
Dwarf from "Labyrinth" Hoggle
7%
No matching quizzes found
Score Distribution
Percent of People with Each Score
Percentile by Number Answered
Your Score History
You have not taken this quiz